| 000 | 00590nam a2200169Ia 4500 | ||
|---|---|---|---|
| 020 | _a928080636X | ||
| 040 | _cMUU | ||
| 082 | _a307 UNI 1988 A015 Or. | ||
| 245 | 0 | 0 |
_aAgricultural expansion and pioneer settlements in the humid tropics : _bselected papers presented at a workshop held in Kuala Lumpur, 17-21 September 1985 / |
| 260 |
_aTokyo, Japan : _bUnited Nations University, _cc1988 |
||
| 300 |
_avi, 305 p. : _bill., maps ; _c24 cm |
||
| 650 | 0 | _aAgricultural colonies | |
| 650 | 0 | _aNatural resources | |
| 700 | 1 | 0 | _aManshard, Walther, |
| 700 | 1 | 0 | _aMorgan, William B., |
| 942 | _cEK | ||
| 999 |
_c11482 _d11482 |
||